LEADER 01391nam0 2200313 450 001 000027993 005 20100924142038.0 010 $a978-88-555-3069-9 100 $a20100924d2010----km-y0itaa50------ba 101 0 $aita 102 $aIT 200 1 $a<> mondo animale nella poesia lucreziana tra topos e osservazione realistica$fDaniela Camardese 210 $aBologna$cPātron Editore$d2010 215 $a381 p.$d22 cm 225 2 $aTesti e manuali per l'insegnamento universitario del latino$iN.S.$v110 410 0$12001$aTesti e manuali per l'insegnamento universitario del latino$iN.S.$v110 600 1$aLucrezio Caro,$bTito$xAnimali nella poesia 676 $a470$v(21. ed.)$9Lingue italiche. Lingua latina 676 $a871$v(21. ed.)$9Poesia latina 700 1$aCamardese,$bDaniela$0445072 801 0$aIT$bUniversitā della Basilicata - B.I.A.$gRICA$2unimarc 912 $a000027993 996 $aMondo animale nella poesia lucreziana tra topos e osservazione realistica$995031 997 $aUNIBAS BAS $aLETTERE CAT $aMDL$b30$c20100924$lBAS01$h1420 FMT Z30 -1$lBAS01$LBAS01$mBOOK$1BASA1$APolo Storico-Umanistico$2DSLF$BCollezione DiSLF$3DF/7257$67257$5F7257$820100924$f04$FPrestabile Didattica Z30 -1$lBAS01$LBAS01$mBOOK$1BASA1$APolo Storico-Umanistico$2DSLF$BCollezione DiSLF$3DF/7258$67258$5F7258$820100924$f04$FPrestabile Didattica